النشرة السنويةلإحصاءات البيئة . الجزء الاول : احوال البيئة وجودتها عام 2019./

يتم من خلال هذا التقرير إظهار صورة حقيقية للوضع البيئي في مصر باستخدام البيانات المتاحة وعرض الجهود التى تبذلها الدولة لتقليل الآثار الضارة الناتجة عن التدهور البيئي طبقا لقانون البيئة رقم 4 لسنة 1994 وقانون البيئة المعدل رقم 9 لسنة 2009....

全面介绍

Saved in:
书目详细资料
主要作者: الجهاز المركزي للتعبئة العامة والإحصاء
格式: 序列
语言:阿拉伯语
出版: القاهرة : الجهاز المركزي للتعبئة العامة والإحصاء. 2021
主题:
标签: 添加标签
没有标签, 成为第一个标记此记录!

MARC

LEADER 00000nas a22000007a 4500
003 INP
005 20220222105018.0
008 180217u2018uuuuua an rb|||f000 ara d
952 |0 0  |1 0  |4 0  |6 620_800000000000000_ن_ش_2019  |7 0  |9 21369  |a INP  |b INP  |c MAIN  |d 2022-01-09  |l 0  |o 620.8 ن ش 2019  |p 022421  |r 2022-03-28 00:00:00  |w 2022-01-09  |y PUB  |0 0 
999 |c 17333  |d 17333 
040 |a EG-INP  |b ara  |c EG-INP 
082 0 4 |2 21  |a 620.8  |b ن ش 2019 
100 |a الجهاز المركزي للتعبئة العامة والإحصاء. 
245 0 2 |a النشرة السنويةلإحصاءات البيئة .  |b الجزء الاول : احوال البيئة وجودتها عام 2019./ 
246 |a ِAnnual Bulletin of Environment Statistics  |b Part 1: Environment Conditions & Quality 
260 |a القاهرة :  |b الجهاز المركزي للتعبئة العامة والإحصاء.  |c 2021 
300 |a مج. :  |b أيض. ؛  |c 24 سم. 
310 |a سنوي 
500 |a إصدار يونيو 2021. 
500 |a مرجع رقم 71-22301-2019. 
500 |a بني الوصف عام 2020. 
520 |a يتم من خلال هذا التقرير إظهار صورة حقيقية للوضع البيئي في مصر باستخدام البيانات المتاحة وعرض الجهود التى تبذلها الدولة لتقليل الآثار الضارة الناتجة عن التدهور البيئي طبقا لقانون البيئة رقم 4 لسنة 1994 وقانون البيئة المعدل رقم 9 لسنة 2009. 
650 7 |2 qrmak  |a البيئة  |z احصائيات 
650 7 |2 qrmak  |a حماية البيئة 
650 7 |2 qrmak  |a تلوث البيئة  |z مصر  |v نشرة سنوية 
710 2 |a الجهاز المركزي للتعبئة العامة والإحصاء. 
901 |a INP 
902 |a egpv34 
903 |a copycat 
942 |2 ddc  |c PUB